| 000 | 00894nam a2200229Ia 4500 | ||
|---|---|---|---|
| 001 | 16712 | ||
| 003 | GE_BSU | ||
| 008 | 181216s||||||||xx |||||||||||||| ||und|| | ||
| 040 | _cGE_BSU | ||
| 080 | _a629.73(47+57) + 629.735.3(470)(092) | ||
| 100 | _aიაკოვლევი, ა.ს. | ||
| 245 | _aამბები ცხოვრებიდან | ||
| 245 | _bავიო-კონსტრუქტორის თავგადასავალი | ||
| 245 | _cწინასიტყვ. ავტ.: ლევ კასსილ. | ||
| 260 | _aთბილისი | ||
| 260 | _bტექნიკა და შრომა | ||
| 260 | _c1945 | ||
| 300 | _a131გვ. ; 18სმ | ||
| 653 | _aავიო-კონსტრუქტორის თავგადასავალი | ||
| 653 | _aამბები ცხოვრებიდან | ||
| 942 | _cBK | ||
| 999 |
_c49777 _d49777 |
||